000 00688nam a2200241 i 4500
001 C2-0324707
003 PPAK
005 20180728123017.0
008 131218s2013 nyua|||| ||||| | eng d
020 _a9781137278555
040 _aPPAK
_beng
_cPPAK
_erda
082 0 4 _a333.7
_223
090 0 0 _a333.7
_bLAR
_dLCK
100 1 _aLarkin, Amy,
_eauthor
245 1 0 _aEnvironmental DEBT :
_bthe hidden costs of a changing global economy
264 1 _aNew York :
_bPalgrave Macmillan ,
_c2013
300 _a244 pages :
_billustrations ;
_c24 cm
336 _2rdacontent
_atext
337 _2rdamedia
_aunmediated
338 _2rdacarrier
_avolume
500 _aHadiah
942 _ddc
_cB
999 _c124637
_d124637